| Tag |
First Indicator |
Second Indicator |
Subfields |
| LEADER |
00000cam a22000007a 4500 |
| 001 |
in00000006779 |
| 005 |
20150930090045.0 |
| 008 |
991014s1999 xxu f000 0 eng |
| 035 |
|
|
|a (OCoLC)
|
| 035 |
|
|
|a tmp97230266
|
| 035 |
|
|
|9 AJL1675AM
|
| 040 |
|
|
|a MvI
|c MvI
|d UtOrBLW
|
| 049 |
|
|
|a ROMS
|
| 074 |
|
|
|a 0624-H
|
| 086 |
0 |
|
|a I 19.76:98-204
|
| 245 |
0 |
0 |
|a High-Resolution Marine Geologic Maps Showing Sediment Distribution On The Insular Shelf Off Luquillo, Puerto Rico, U.S. Geological Survey Open-File Report 98-204, 1999, (CD-ROM0.
|
| 264 |
|
1 |
|a [Place of publication not identified] :
|b [publisher not identified],
|c [1999?]
|
| 336 |
|
|
|a text
|b txt
|2 rdacontent
|
| 337 |
|
|
|a unmediated
|b n
|2 rdamedia
|
| 338 |
|
|
|a volume
|b nc
|2 rdacarrier
|
| 500 |
|
|
|a Shipping List #: 2000-0001-E
|
| 500 |
|
|
|a Shipping List Date: 10/01/99
|
| 710 |
2 |
|
|a Geological Survey (U.S.)
|
| 999 |
|
|
|a MARS
|
| 999 |
f |
f |
|s 0e5ad39e-b076-354c-a632-00d9ad822213
|i 80672e5a-3ee4-3d8d-8d9d-67d9ab444c2c
|t 0
|
| 952 |
f |
f |
|p noncirc
|a Texas A&M University
|b College Station
|c Sterling C. Evans Library
|d Evans: US Documents CD-ROMs (Annex 5th floor)
|t 0
|e I 19.76:98-204
|h Superintendent of Documents classification
|i unmediated -- volume
|m A14826343986
|
| 998 |
f |
f |
|a I 19.76:98-204
|t 0
|l Evans: US Documents CD-ROMs (Annex 5th floor)
|